Poesías de Don Gregorio Romero y Larrañaga / (Record no. 163932)

MARC details
000 -LEADER
campo de control de longitud fija 00849nam a2200193 i 4500
001 - NÚMERO DE CONTROL
campo de control 163932
003 - IDENTIFICADOR DE NÚMERO DE CONTROL
campo de control ES-MaACL
005 - FECHA Y HORA DE LA ÚLTIMA TRANSACCIÓN
campo de control 20250813063334.0
008 - DATOS DE LONGITUD FIJA--INFORMACIÓN GENERAL
campo de control de longitud fija 991116s1841 sp |||| | spa d
040 ## - FUENTE DE CATALOGACIÓN
Centro catalogador/agencia de origen CCPB | B
Lengua de catalogación spa
Centro/agencia transcriptor CCPB | B
100 1# - ENTRADA PRINCIPAL--NOMBRE DE PERSONA
Nombre de persona Romero Larrañaga, Gregorio,
Fechas asociadas al nombre 1815-1872
9 (RLIN) 132031
245 10 - MENCIÓN DEL TÍTULO
Título Poesías de Don Gregorio Romero y Larrañaga /
Mención de responsabilidad, etc. publicadas bajo los auspicios del Liceo Artistico y Literario de Madrid.
260 ## - PUBLICACIÓN, DISTRIBUCIÓN, ETC.
Lugar de publicación, distribución, etc. Madrid :
Nombre del editor, distribuidor, etc. [s.n.],
Fecha de publicación, distribución, etc. 1841 (
Fabricante imprenta de Vicente de Lalama)
300 ## - DESCRIPCIÓN FÍSICA
Extensión XV, 339 p. ;
Dimensiones 19 cm.
596 ## - NOTA AL PIE DE IMPRENTA
NOTA AL PIE DE IMPRENTA En v. de antep. consta: ¨Se venden en Madrid, en el Liceo Artístico y Literario; en la librería de Sanz ... y en el Gabinete Literario ... ¨.
710 0# - ENTRADA AGREGADA--NOMBRE DE ENTIDAD CORPORATIVA
Nombre de entidad corporativa o nombre de jurisdicción como elemento de entrada Liceo Artístico y Literario de Madrid.
9 (RLIN) 5525
852 ## - LOCALIZACIÓN
Ubicación ES-MaACL
Número de control de estantería G-9168
Nota libre -- Enc. hol.
Holdings
Estatus retirado Estado de pérdida Estado de daño No para préstamo Colección Biblioteca de origen Biblioteca actual Ubicación en estantería Fecha de adquisición Fuente de adquisición Total de préstamos Signatura topográfica completa Código de barras Visto por última vez Precio de reemplazo Tipo de ítem Koha
        Libros del s. XIX Biblioteca del Ateneo de Madrid Biblioteca del Ateneo de Madrid Sala Pecera Planta 3 17/01/2008     G-9168 1171806 23/02/2023 23/02/2023 Libro impreso antiguo